[Event "22nd European Teams"]
[Site "Batumi GEO"]
[Date "2019.10.28"]
[Round "5.5"]
[Board "1"]
[White "Bogner, Sebastian"]
[Black "Lenic, Luka"]
[Result "1/2-1/2"]
[WhiteTitle "GM"]
[BlackTitle "GM"]
[WhiteElo "2571"]
[BlackElo "2644"]
[WhiteTeam "Switzerland"]
[BlackTeam "Slovenia"]
[WhiteFideId "4692055"]
[BlackFideId "14603853"]
[EventDate "2019.10.24"]

1. d4 Nf6 2. c4 e6 3. g3 d5 4. Nf3 Bb4+ 5. Nbd2 O-O 6. Bg2 b6 7. O-O Bb7 8. Ne5
Nc6 9. Ndf3 Be7 10. Bf4 Nxe5 11. dxe5 Nd7 12. cxd5 Bxd5 13. Qc2 g5 14. Be3 g4
15. Nd4 Bxg2 16. Kxg2 Nxe5 17. Rad1 Qd5+ 18. Kg1 Bd6 19. Nf5 Nf3+ 20. exf3 Qxf5
21. Qxf5 exf5 22. Rd5 gxf3 23. Rxf5 Rfe8 24. Rxf3 Re4 25. Rd1 Rae8 26. Rf5 R8e5
27. Rxe5 Rxe5 28. b3 Ra5 29. a4 f6 30. Kg2 Kf7 1/2-1/2

[Event "22nd European Teams"]
[Site "Batumi GEO"]
[Date "2019.10.28"]
[Round "5.5"]
[Board "2"]
[White "Borisek, Jure"]
[Black "Pelletier, Yannick"]
[Result "1-0"]
[WhiteTitle "GM"]
[BlackTitle "GM"]
[WhiteElo "2584"]
[BlackElo "2555"]
[WhiteTeam "Slovenia"]
[BlackTeam "Switzerland"]
[WhiteFideId "14603152"]
[BlackFideId "1301837"]
[EventDate "2019.10.24"]

1. e4 c5 2. Nf3 d6 3. d4 cxd4 4. Nxd4 Nf6 5. Nc3 a6 6. h3 e5 7. Nde2 h5 8. g3
Be7 9. Bg2 b5 10. Nd5 Nxd5 11. Qxd5 Ra7 12. Be3 Be6 13. Qd2 Rb7 14. f4 Nd7 15.
b3 Nf6 16. O-O-O b4 17. g4 Qa5 18. Kb1 exf4 19. Nxf4 Rc7 20. g5 Nd7 21. h4 Bg4
22. Rdf1 Ne5 23. Nd5 Rb7 24. Bd4 O-O 25. Bxe5 dxe5 26. Bh3 Bxh3 27. Rxh3 Qc5 28.
Nf6+ Bxf6 29. gxf6 Rc8 30. Rg3 g6 31. Qh6 Qf8 32. Qxh5 Rc6 33. Qxe5 Rb5 34. Qf4
Rh5 35. Rg5 Rh6 36. h5 Kh7 37. hxg6+ fxg6 38. Rd5 1-0

[Event "22nd European Teams"]
[Site "Batumi GEO"]
[Date "2019.10.28"]
[Round "5.5"]
[Board "3"]
[White "Georgiadis, Nico"]
[Black "Sebenik, Matej"]
[Result "1/2-1/2"]
[WhiteTitle "GM"]
[BlackTitle "GM"]
[WhiteElo "2528"]
[BlackElo "2519"]
[WhiteTeam "Switzerland"]
[BlackTeam "Slovenia"]
[WhiteFideId "1300113"]
[BlackFideId "14602296"]
[EventDate "2019.10.24"]

1. e4 c5 2. Nf3 Nc6 3. Nc3 g6 4. d4 cxd4 5. Nxd4 Bg7 6. Be3 Nf6 7. Bc4 O-O 8.
Bb3 Re8 9. f3 e6 10. f4 d6 11. Ndb5 Bf8 12. Qf3 a6 13. Nd4 Na5 14. O-O b5 15. f5
exf5 16. exf5 Bb7 17. fxg6 Bxf3 18. gxf7+ Kh8 19. fxe8=Q Qxe8 20. Rxf3 Nxb3 21.
axb3 Ng4 22. Bf4 b4 23. Nce2 Bg7 24. h3 Ne5 25. Rf2 Qg6 26. Bd2 Bh6 27. Bxh6
Qxh6 28. Nf5 Qg5 29. Ned4 Rg8 30. Rxa6 Qc1+ 31. Rf1 Qd2 32. Rf2 Qe1+ 33. Rf1 Qd2
34. Rf2 Qe1+ 1/2-1/2

[Event "22nd European Teams"]
[Site "Batumi GEO"]
[Date "2019.10.28"]
[Round "5.5"]
[Board "4"]
[White "Skoberne, Jure"]
[Black "Gallagher, Joseph G."]
[Result "1-0"]
[WhiteTitle "GM"]
[BlackTitle "GM"]
[WhiteElo "2567"]
[BlackElo "2439"]
[WhiteTeam "Slovenia"]
[BlackTeam "Switzerland"]
[WhiteFideId "14604299"]
[BlackFideId "1303422"]
[EventDate "2019.10.24"]

1. e4 c5 2. Nf3 Nc6 3. c3 Nf6 4. e5 Nd5 5. Bc4 Nb6 6. Bb3 d5 7. exd6 c4 8. Bc2
Qxd6 9. O-O Bg4 10. Re1 g6 11. Na3 Bg7 12. h3 Bxf3 13. Qxf3 O-O 14. b3 cxb3 15.
axb3 Rac8 16. Be4 a6 17. Nc4 Nxc4 18. bxc4 Ne5 19. Qe2 Qc7 20. c5 Nd7 21. d4 e5
22. Rb1 Rb8 23. Rd1 Nf6 24. Bf3 Rfe8 25. Qa2 b6 26. dxe5 Nd7 27. e6 Rxe6 28. Bg4
Nxc5 29. Bxe6 Nxe6 30. Qxa6 Bxc3 31. Be3 Ba5 32. Rbc1 Qe5 33. Bh6 Nc5 34. Qc4
Re8 35. Rd5 Qf6 36. Qb5 Ra8 37. Rcd1 Ne6 38. Qc6 Rb8 39. Rc1 Qe7 40. Rd7 Qe8 41.
Rb7 Rd8 42. Qxe8+ Rxe8 43. Rd1 Nc5 44. Re7 Ra8 45. Rd6 Bc3 46. Rxb6 Bg7 47. Be3
Ne6 48. Rbb7 Rf8 49. f4 h5 50. Kf2 Bf6 51. Red7 h4 52. Kf3 Ng7 53. Bc5 Rc8 1-0

[Event "22nd European Teams"]
[Site "Batumi GEO"]
[Date "2019.10.28"]
[Round "5.6"]
[Board "1"]
[White "Christiansen, Johan-Sebastian"]
[Black "Solak, Dragan"]
[Result "1-0"]
[WhiteTitle "GM"]
[BlackTitle "GM"]
[WhiteElo "2558"]
[BlackElo "2602"]
[WhiteTeam "Norway"]
[BlackTeam "Turkey"]
[WhiteFideId "1512668"]
[BlackFideId "916811"]
[EventDate "2019.10.24"]

1. d4 d5 2. c4 c6 3. Nf3 Nf6 4. Nc3 dxc4 5. a4 e6 6. e3 c5 7. Bxc4 Nc6 8. O-O
cxd4 9. exd4 Be7 10. Qe2 O-O 11. Rd1 Nb4 12. Bg5 Bd7 13. d5 exd5 14. Nxd5 Nbxd5
15. Bxd5 Nxd5 16. Rxd5 Bxg5 17. Nxg5 h6 18. Qd2 hxg5 19. Rxd7 Qf6 20. Rxb7 Rfd8
21. Qe3 Rd4 22. h3 Rad8 23. Rxa7 Rd3 24. Qe4 Qxb2 25. Re1 Rd1 26. Re7 Rxe1+ 27.
Qxe1 Rd4 28. Re4 Rd7 29. Rb4 Qd2 30. Rb8+ Kh7 31. Qe4+ g6 32. Qe5 Qc1+ 33. Kh2
Qf4+ 34. Qxf4 gxf4 35. Rb4 g5 36. a5 Ra7 37. Ra4 Ra6 38. Kg1 Kg6 39. Kf1 Kf5 40.
Ke2 Ke5 41. Kf3 f5 42. Ra1 Kd4 43. h4 gxh4 44. Kxf4 Kc3 45. Kxf5 Kb2 46. Ra4 h3
47. gxh3 Kb3 48. Rd4 Rxa5+ 49. Kg4 Kc3 50. Rd1 Ra8 51. f4 Rg8+ 52. Kf3 Rh8 53.
f5 Rxh3+ 54. Ke4 Rh2 55. f6 Re2+ 56. Kf5 Rf2+ 57. Ke6 Re2+ 58. Kd6 Rd2+ 59. Rxd2
Kxd2 60. f7 1-0

[Event "22nd European Teams"]
[Site "Batumi GEO"]
[Date "2019.10.28"]
[Round "5.6"]
[Board "2"]
[White "Yilmaz, Mustafa"]
[Black "Salomon, Johan"]
[Result "1-0"]
[WhiteTitle "GM"]
[BlackTitle "GM"]
[WhiteElo "2595"]
[BlackElo "2507"]
[WhiteTeam "Turkey"]
[BlackTeam "Norway"]
[WhiteFideId "6302718"]
[BlackFideId "1509500"]
[EventDate "2019.10.24"]

1. d4 Nf6 2. c4 e6 3. Nf3 d5 4. Nc3 Bb4 5. Bg5 dxc4 6. e4 c5 7. Bxc4 cxd4 8.
Nxd4 Bxc3+ 9. bxc3 Qa5 10. Nb5 Nxe4 11. Bf4 O-O 12. O-O Nc6 13. Bc7 b6 14. Qf3
f5 15. Rfe1 a6 16. Nd4 Ne5 17. Bxe5 Qxe5 18. Qe3 Qf6 19. Nxf5 Qxf5 20. Qxe4
Qxf2+ 21. Kh1 Bd7 22. Rad1 Bb5 23. Bxe6+ Kh8 24. a4 Bf1 25. Bd5 Rad8 26. h3 Rxd5
27. Qxd5 Be2 28. Qd2 1-0

[Event "22nd European Teams"]
[Site "Batumi GEO"]
[Date "2019.10.28"]
[Round "5.6"]
[Board "3"]
[White "Notkevich, Benjamin Arvola"]
[Black "Sanal, Vahap"]
[Result "1/2-1/2"]
[WhiteTitle "GM"]
[BlackTitle "GM"]
[WhiteElo "2494"]
[BlackElo "2545"]
[WhiteTeam "Norway"]
[BlackTeam "Turkey"]
[WhiteFideId "1506536"]
[BlackFideId "6300545"]
[EventDate "2019.10.24"]

1. d4 Nf6 2. g3 d5 3. Bg2 e6 4. Nf3 Be7 5. O-O O-O 6. c4 dxc4 7. Qc2 a6 8. a4
Bd7 9. Bg5 Bc6 10. Rd1 b5 11. Bxf6 Bxf6 12. Nc3 Qe8 13. e4 g6 14. d5 Bb7 15. e5
Bg7 16. Ng5 exd5 17. Nxd5 Bxd5 18. Bxd5 c6 19. Bxf7+ Rxf7 20. Nxf7 Kxf7 21. Qd2
Qxe5 22. axb5 cxb5 23. Ra3 Nc6 24. Qd7+ Kg8 25. Qxc6 Rf8 26. Ra2 Qf5 27. Qd5+
Qxd5 28. Rxd5 Rc8 29. Rd6 a5 30. Rd5 b4 31. Rdxa5 Bxb2 32. Rxb2 c3 33. Rxb4 c2
34. Ra1 c1=Q+ 35. Rxc1 Rxc1+ 36. Kg2 h5 37. Rb7 Rc3 38. h3 Ra3 39. g4 hxg4 40.
hxg4 Rc3 41. f3 Rc5 42. Kg3 g5 43. Kf2 Re5 44. Ra7 Kf8 45. Rb7 Kg8 46. Rb3 Kf7
47. Re3 Ra5 48. Ke2 Ra2+ 49. Kd3 Kf6 50. Kc4 Ra4+ 51. Kb5 Ra1 52. Rc3 Rb1+ 53.
Kc6 Rf1 54. Kd7 Kf7 55. Rd3 Rf2 56. Kd6 Kf6 57. Kd5 Ra2 58. Rc3 Rd2+ 59. Ke4
Re2+ 60. Kd4 Rd2+ 61. Ke3 Rd6 62. Rc5 Re6+ 63. Kd4 Rd6+ 64. Rd5 Ra6 65. Rf5+ Kg6
66. Rc5 Rf6 67. Rc3 Rf4+ 68. Ke5 Kg7 69. Re3 Kg6 70. Ke6 Kg7 71. Re5 Rf6+ 72.
Ke7 Rf7+ 73. Ke6 Rf6+ 74. Kd5 Rxf3 75. Rxg5+ Kf6 76. Rg8 Kf7 77. Rc8 Rf4 78. Rc4
Rxc4 79. Kxc4 Kg6 80. g5 Kxg5 1/2-1/2

[Event "22nd European Teams"]
[Site "Batumi GEO"]
[Date "2019.10.28"]
[Round "5.6"]
[Board "4"]
[White "Dastan, Muhammed Batuhan"]
[Black "Haldorsen, Benjamin"]
[Result "1/2-1/2"]
[WhiteTitle "GM"]
[BlackTitle "IM"]
[WhiteElo "2577"]
[BlackElo "2440"]
[WhiteTeam "Turkey"]
[BlackTeam "Norway"]
[WhiteFideId "6300014"]
[BlackFideId "1512633"]
[EventDate "2019.10.24"]

1. d4 d5 2. Nf3 Nf6 3. c4 e6 4. Nc3 dxc4 5. e4 Bb4 6. Bxc4 Nxe4 7. O-O Nf6 8.
Qa4+ Nc6 9. Ne5 Rb8 10. Rd1 O-O 11. Nxc6 bxc6 12. Qxa7 Bd7 13. Qa4 Nd5 14. Qc2
f5 15. a4 Ra8 16. Bd2 Bd6 17. g3 Qf6 18. Be1 h5 19. a5 h4 20. Qe2 hxg3 21. hxg3
Qh6 22. Rd3 g5 23. Bd2 Kg7 24. Qf3 Rh8 25. Qg2 Rh7 26. Na4 Nb4 27. Bxb4 Bxb4 28.
Nc5 Bc8 29. a6 e5 30. Rb3 Bxc5 31. dxc5 Be6 32. Bxe6 Qxe6 33. Rb7 Qd7 34. a7 g4
35. Qf1 Rah8 36. Qg2 Ra8 37. Qf1 Kf6 38. Qg2 Kg6 39. Kf1 e4 40. Kg1 Qd5 41. b4
Qd4 42. Re1 Qd2 43. Rf1 Qd3 44. Ra1 Qc3 45. Rb1 Qa3 46. b5 cxb5 47. c6 b4 48.
R7xb4 Qd3 49. R4b3 Qc4 50. Ra3 Qxc6 51. Rba1 Qd5 52. Ra5 Qd4 53. Ra6+ Kg7 54.
R6a4 Qd3 55. R4a3 Qd4 56. Ra4 Qd3 57. R4a3 Qd4 58. Ra4 Qd3 1/2-1/2

[Event "22nd European Teams"]
[Site "Batumi GEO"]
[Date "2019.10.28"]
[Round "5.7"]
[Board "3"]
[White "Blohberger, Felix"]
[Black "Tomczak, Jacek"]
[Result "1/2-1/2"]
[WhiteTitle "IM"]
[BlackTitle "GM"]
[WhiteElo "2448"]
[BlackElo "2625"]
[WhiteTeam "Austria"]
[BlackTeam "Poland"]
[WhiteFideId "1632051"]
[BlackFideId "1124668"]
[EventDate "2019.10.24"]

1. e4 c6 2. Nf3 d5 3. Nc3 dxe4 4. Nxe4 Nf6 5. Qe2 Nxe4 6. Qxe4 Qa5 7. Qf4 Qf5 8.
d3 Qxf4 9. Bxf4 Bg4 10. Be2 h6 11. h3 Bf5 12. O-O-O Nd7 13. g4 Bh7 14. Bg3 O-O-O
15. Nd2 Nb6 16. h4 e6 17. Rdg1 Be7 18. Bf3 Bf6 19. Ne4 Be7 20. Nd2 Bf6 21. Ne4
Be7 22. Nd2 1/2-1/2

[Event "22nd European Teams"]
[Site "Batumi GEO"]
[Date "2019.10.28"]
[Round "5.7"]
[Board "4"]
[White "Dragun, Kamil"]
[Black "Shengelia, David"]
[Result "1/2-1/2"]
[WhiteTitle "GM"]
[BlackTitle "GM"]
[WhiteElo "2584"]
[BlackElo "2531"]
[WhiteTeam "Poland"]
[BlackTeam "Austria"]
[WhiteFideId "1134167"]
[BlackFideId "13601270"]
[EventDate "2019.10.24"]

1. d4 d5 2. c4 e6 3. Nc3 Bb4 4. Nf3 Nf6 5. Bg5 h6 6. Bxf6 Qxf6 7. Qa4+ Nc6 8. e3
O-O 9. Be2 Bd7 10. Qb3 dxc4 11. Qxc4 Bd6 12. O-O Qe7 13. Ne4 Rac8 14. Rac1 Rfd8
15. Nc5 Bxc5 16. Qxc5 Qxc5 17. Rxc5 Ne7 18. Rfc1 c6 19. Ra5 a6 20. Ne5 Be8 21.
f4 Rc7 22. Kf2 Nd5 23. Nd3 Re7 24. Bf3 f6 25. Bxd5 exd5 26. Ra3 Bd7 27. Nc5 Bc8
28. Rb3 g5 29. fxg5 hxg5 30. Ke2 Kf7 31. h3 Rg8 32. Rf1 Kg6 33. Kd2 Rge8 34. Rf3
Rh8 35. a4 a5 36. Rb6 g4 37. hxg4 Bxg4 38. Rf4 Bc8 39. Nb3 Rhe8 40. Rf3 Bg4 41.
Rf2 Rxe3 42. Rxb7 Re1 43. Nxa5 Rd1+ 44. Kc3 Re3+ 45. Kb4 Rxd4+ 46. Kc5 Rxa4 47.
Nxc6 Rc4+ 48. Kxd5 Be6+ 49. Kd6 Rd3+ 50. Ke7 Bf5 51. g4 Rxc6 52. gxf5+ Kg5 53.
b4 Re3+ 54. Kf7 Rh3 55. Kg7 Rhc3 56. Rf7 Rb3 57. Rb7 Rbc3 58. Rf7 Rb3 59. Rb7 1/2-1/2

[Event "22nd European Teams"]
[Site "Batumi GEO"]
[Date "2019.10.28"]
[Round "5.8"]
[Board "1"]
[White "Lagarde, Maxime"]
[Black "Anton Guijarro, David"]
[Result "1/2-1/2"]
[WhiteTitle "GM"]
[BlackTitle "GM"]
[WhiteElo "2657"]
[BlackElo "2674"]
[WhiteTeam "France"]
[BlackTeam "Spain"]
[WhiteFideId "662399"]
[BlackFideId "2285525"]
[EventDate "2019.10.24"]

1. d4 d5 2. c4 dxc4 3. e3 Nf6 4. Bxc4 e6 5. Nf3 c5 6. O-O a6 7. a4 Nc6 8. Nc3
Be7 9. Qe2 Qc7 10. Bd2 O-O 11. Rfd1 Rd8 12. Be1 cxd4 13. exd4 Nd5 14. Rac1 h6
15. Ba2 Bf6 16. h4 Qf4 17. g3 Qg4 18. Qe4 Qxe4 19. Nxe4 Bd7 20. Nc5 Rab8 21. a5
Be8 22. Bb1 b6 23. axb6 Rxb6 24. Be4 Rxb2 25. Nxa6 Ncb4 26. Nxb4 Nxb4 27. Rc4
Nd5 28. Rdc1 Ra2 29. Rc8 Ra8 30. Rxa8 Rxa8 31. Ne5 Rb8 1/2-1/2

[Event "22nd European Teams"]
[Site "Batumi GEO"]
[Date "2019.10.28"]
[Round "5.8"]
[Board "3"]
[White "Maurizzi, Marc Andria"]
[Black "Shirov, Alexei"]
[Result "0-1"]
[WhiteTitle "FM"]
[BlackTitle "GM"]
[WhiteElo "2415"]
[BlackElo "2664"]
[WhiteTeam "France"]
[BlackTeam "Spain"]
[WhiteFideId "36083534"]
[BlackFideId "2209390"]
[EventDate "2019.10.24"]

1. d4 Nf6 2. Nf3 d5 3. c4 dxc4 4. e3 c5 5. Bxc4 e6 6. O-O Nc6 7. Nc3 a6 8. Qe2
b5 9. Bb3 Bb7 10. Rd1 Qc7 11. d5 Nb4 12. dxe6 c4 13. exf7+ Qxf7 14. e4 cxb3 15.
e5 Nfd5 16. e6 Qg6 17. Nxd5 Bxd5 18. Bd2 Qxe6 19. Qf1 Bc4 20. Re1 Bxf1 21. Rxe6+
Kd7 22. Re4 Nc2 23. Rd1 bxa2 24. Ba5+ Bd3 25. Rxd3+ Bd6 26. Ne5+ Kc8 27. Rxd6
a1=Q+ 28. Re1 Qxa5 29. Rc1 Rd8 0-1

[Event "22nd European Teams"]
[Site "Batumi GEO"]
[Date "2019.10.28"]
[Round "5.8"]
[Board "4"]
[White "Perez Candelario, Manuel"]
[Black "Bauer, Christian"]
[Result "0-1"]
[WhiteTitle "GM"]
[BlackTitle "GM"]
[WhiteElo "2621"]
[BlackElo "2606"]
[WhiteTeam "Spain"]
[BlackTeam "France"]
[WhiteFideId "2210622"]
[BlackFideId "603767"]
[EventDate "2019.10.24"]

1. e4 c6 2. d4 d5 3. e5 Bf5 4. Nd2 e6 5. Nb3 Nd7 6. Nf3 Ne7 7. Be2 h6 8. O-O Qc7
9. a4 g5 10. Bd2 O-O-O 11. Rc1 Kb8 12. Ne1 f6 13. exf6 Ng8 14. f7 Ngf6 15. Nd3
Bd6 16. Ba5 Nb6 17. Nbc5 Bxh2+ 18. Kh1 Bd6 19. b4 h5 20. Qd2 Ng4 21. Ne5 Bxe5
22. dxe5 Nxe5 23. Ba6 Ng4 24. f4 h4 25. Rce1 h3 26. g3 Be4+ 27. Rxe4 dxe4 28.
Qe2 gxf4 29. gxf4 Qxf7 30. Bxb7 Qg6 31. Rg1 Rdg8 32. Bxc6 Nf2+ 0-1

[Event "22nd European Teams"]
[Site "Batumi GEO"]
[Date "2019.10.28"]
[Round "5.9"]
[Board "1"]
[White "Lupulescu, Constantin"]
[Black "Erdos, Viktor"]
[Result "1/2-1/2"]
[WhiteTitle "GM"]
[BlackTitle "GM"]
[WhiteElo "2643"]
[BlackElo "2604"]
[WhiteTeam "Romania"]
[BlackTeam "Hungary"]
[WhiteFideId "1207822"]
[BlackFideId "719978"]
[EventDate "2019.10.24"]

1. d4 Nf6 2. c4 g6 3. Nc3 d5 4. cxd5 Nxd5 5. Bd2 Bg7 6. e4 Nxc3 7. Bxc3 O-O 8.
Qd2 c5 9. d5 e6 10. Bc4 exd5 11. Bxd5 Bxc3 12. bxc3 Nd7 13. Nf3 Nf6 14. O-O Re8
15. Rfe1 Bg4 16. Qf4 Bxf3 17. Qxf3 Nxd5 18. exd5 b5 19. Rxe8+ Qxe8 20. d6 Rd8
21. Qd5 Qe6 22. Qxc5 Qxd6 23. Qxb5 Qd2 24. Qb3 Rc8 25. c4 Qf4 26. g3 Qxc4 27.
Re1 Qxb3 28. axb3 Rc3 29. Ra1 Rxb3 30. Rxa7 Rb1+ 31. Kg2 Kg7 1/2-1/2

[Event "22nd European Teams"]
[Site "Batumi GEO"]
[Date "2019.10.28"]
[Round "5.9"]
[Board "2"]
[White "Berkes, Ferenc"]
[Black "Parligras, Mircea-Emilian"]
[Result "1/2-1/2"]
[WhiteTitle "GM"]
[BlackTitle "GM"]
[WhiteElo "2667"]
[BlackElo "2629"]
[WhiteTeam "Hungary"]
[BlackTeam "Romania"]
[WhiteFideId "718572"]
[BlackFideId "1204297"]
[EventDate "2019.10.24"]

1. d4 Nf6 2. c4 e6 3. Nf3 d5 4. Nc3 Bb4 5. Bg5 h6 6. Bxf6 Qxf6 7. e3 O-O 8. Rc1
dxc4 9. Bxc4 c5 10. O-O cxd4 11. Ne4 Qe7 12. a3 Ba5 13. Qxd4 Rd8 14. Qe5 Bb6 15.
Rfd1 Bd7 16. Qd6 Kf8 17. Qf4 Nc6 18. g4 g5 19. Qf6 Qxf6 20. Nxf6 Bc8 21. Bb5 Ke7
22. Ne4 Bd7 23. Nc5 Bxc5 24. Rxc5 Rac8 25. Rdc1 a6 26. Be2 Na7 27. Kg2 Rxc5 28.
Rxc5 Rc8 29. Rxc8 Nxc8 30. Kg3 Nd6 31. Nd2 f6 32. h4 1/2-1/2

[Event "22nd European Teams"]
[Site "Batumi GEO"]
[Date "2019.10.28"]
[Round "5.9"]
[Board "3"]
[White "Deac, Bogdan-Daniel"]
[Black "Banusz, Tamas"]
[Result "1-0"]
[WhiteTitle "GM"]
[BlackTitle "GM"]
[WhiteElo "2613"]
[BlackElo "2619"]
[WhiteTeam "Romania"]
[BlackTeam "Hungary"]
[WhiteFideId "1226380"]
[BlackFideId "722413"]
[EventDate "2019.10.24"]

1. e4 c5 2. Nf3 Nc6 3. d4 cxd4 4. Nxd4 Nf6 5. Nc3 e5 6. Ndb5 d6 7. Nd5 Nxd5 8.
exd5 Ne7 9. c4 Ng6 10. Qa4 Bd7 11. Qb4 Qb8 12. h4 h5 13. g3 Be7 14. Be3 a6 15.
Nc3 a5 16. Qb3 a4 17. Qd1 Qc8 18. Rc1 O-O 19. Be2 Bg4 20. Bxg4 Qxg4 21. Qxg4
hxg4 22. h5 Nh8 23. h6 Ng6 24. hxg7 Rfc8 25. Nb5 Kxg7 26. Bh6+ Kg8 27. Rh5 f6
28. Ke2 Kf7 29. Kd3 Ke8 30. Ke4 Kd7 31. Be3 Rg8 32. Rh7 Nf8 33. Rh6 Rc8 34. Kf5
Re8 35. Nc3 1-0

[Event "22nd European Teams"]
[Site "Batumi GEO"]
[Date "2019.10.28"]
[Round "5.9"]
[Board "4"]
[White "Prohaszka, Peter2"]
[Black "Gavrilescu, David"]
[Result "1-0"]
[WhiteTitle "GM"]
[BlackTitle "IM"]
[WhiteElo "2610"]
[BlackElo "2451"]
[WhiteTeam "Hungary"]
[BlackTeam "Romania"]
[WhiteFideId "726265"]
[BlackFideId "1227190"]
[EventDate "2019.10.24"]

1. d4 Nf6 2. c4 e6 3. g3 d5 4. Bg2 Bb4+ 5. Nd2 O-O 6. Nf3 dxc4 7. Qc2 a5 8. a3
Bxd2+ 9. Bxd2 b5 10. a4 c6 11. h4 Bb7 12. h5 h6 13. g4 Nxg4 14. Rg1 f5 15. Bh3
c5 16. Bxg4 Be4 17. Qc3 fxg4 18. Rxg4 Bxf3 19. exf3 cxd4 20. Rxd4 b4 21. Rxd8
bxc3 22. Rxf8+ Kxf8 23. Bxc3 Nd7 24. Ke2 Nf6 25. Rh1 Nd5 26. Rh4 Nb6 27. Be5 Ra7
28. Kd1 Rf7 29. Rg4 Rxf3 30. Bxg7+ Ke8 31. Bxh6 Nxa4 32. Bg7 Rxf2 33. Rh4 c3 34.
bxc3 Nb2+ 35. Kc1 Nd3+ 36. Kb1 Rf4 37. Rh2 Rf1+ 38. Ka2 Nf4 39. h6 Ng6 40. h7
Kd7 41. Rh6 1-0

[Event "22nd European Teams"]
[Site "Batumi GEO"]
[Date "2019.10.28"]
[Round "5.10"]
[Board "1"]
[White "Rodshtein, Maxim"]
[Black "Grandelius, Nils"]
[Result "1/2-1/2"]
[WhiteTitle "GM"]
[BlackTitle "GM"]
[WhiteElo "2684"]
[BlackElo "2691"]
[WhiteTeam "Israel"]
[BlackTeam "Sweden"]
[WhiteFideId "2806851"]
[BlackFideId "1710400"]
[EventDate "2019.10.24"]

1. c4 g6 2. Nc3 c5 3. g3 Nc6 4. Bg2 Bg7 5. a3 b6 6. e4 e6 7. Nge2 Nge7 8. d3 Bb7
9. O-O d6 10. Rb1 O-O 11. b4 Qd7 12. Be3 Nd4 13. Qd2 Rac8 14. Bh6 Bxh6 15. Qxh6
f5 16. Qe3 Nxe2+ 17. Nxe2 cxb4 18. axb4 fxe4 19. Bxe4 Bxe4 20. Qxe4 d5 21. Qg4
Nc6 22. Nf4 dxc4 23. dxc4 Ne5 24. Rfd1 Qc6 25. Qxe6+ Qxe6 26. Nxe6 Rf6 27. Nf4
Nxc4 28. Ra1 a5 29. Nd5 Rf7 30. bxa5 bxa5 31. Rdc1 Rc5 32. Ne3 Rfc7 33. Rxc4
Rxc4 34. Nxc4 Rxc4 35. Rxa5 h5 1/2-1/2

[Event "22nd European Teams"]
[Site "Batumi GEO"]
[Date "2019.10.28"]
[Round "5.10"]
[Board "2"]
[White "Hillarp Persson, Tiger"]
[Black "Postny, Evgeny"]
[Result "1/2-1/2"]
[WhiteTitle "GM"]
[BlackTitle "GM"]
[WhiteElo "2550"]
[BlackElo "2597"]
[WhiteTeam "Sweden"]
[BlackTeam "Israel"]
[WhiteFideId "1700812"]
[BlackFideId "2804344"]
[EventDate "2019.10.24"]

1. Nf3 d5 2. g3 c6 3. Bg2 Bg4 4. c4 e6 5. O-O Nf6 6. cxd5 Bxf3 7. Bxf3 cxd5 8.
Nc3 Nc6 9. d3 Be7 10. Bf4 O-O 11. Bg2 Rc8 12. Qa4 Nd7 13. Rfc1 Nb6 14. Qd1 Bg5
15. Bxg5 Qxg5 16. Rab1 Rfd8 17. Na4 Nxa4 18. Qxa4 Qd2 19. Bf1 Qb4 20. Qd1 Ne7
21. Rc3 Qb6 22. Rb3 Qc7 23. Rc3 Qd7 24. Rbc1 Rxc3 25. Rxc3 Rc8 26. Qc2 Rxc3 27.
Qxc3 Nc6 28. d4 Qd6 29. a3 g6 30. e3 b6 31. h4 Kg7 32. Bb5 Ne7 33. Kg2 h6 34.
Kf3 Qd8 35. Bd3 Qd7 36. Ke2 Ng8 37. Qc2 Nf6 38. Kd2 Ng4 39. Ke1 Nf6 40. Kd2 Ng4
41. Ke1 Nf6 1/2-1/2

[Event "22nd European Teams"]
[Site "Batumi GEO"]
[Date "2019.10.28"]
[Round "5.10"]
[Board "3"]
[White "Nabaty, Tamir"]
[Black "Westerberg, Jonathan"]
[Result "1-0"]
[WhiteTitle "GM"]
[BlackTitle "IM"]
[WhiteElo "2658"]
[BlackElo "2546"]
[WhiteTeam "Israel"]
[BlackTeam "Sweden"]
[WhiteFideId "2809052"]
[BlackFideId "1701754"]
[EventDate "2019.10.24"]

1. e4 c5 2. Nf3 Nc6 3. d4 cxd4 4. Nxd4 Nf6 5. Nc3 d6 6. Bg5 e6 7. Qd3 a6 8.
O-O-O Be7 9. Nxc6 bxc6 10. Qg3 e5 11. f4 Qa5 12. fxe5 Nh5 13. Qh4 Bxg5+ 14. Qxg5
Qxe5 15. Qxe5+ dxe5 16. Rd6 Bd7 17. Bc4 Ke7 18. Rhd1 Nf6 19. h3 Ra7 20. g4 h6
21. R6d3 Rc8 22. Na4 c5 23. Nb6 Rcc7 24. Rd5 Nxd5 25. Nxd5+ Ke8 26. Nxc7+ Rxc7
27. Bxa6 c4 28. Rd5 f6 29. Bb5 Bxb5 30. Rxb5 Ra7 31. Kb1 Kf7 32. Rc5 Ra4 33.
Rc7+ Kg6 34. c3 Kg5 35. Rxg7+ Kf4 36. Rg6 Ra6 37. Rxh6 Rd6 38. Rg6 Kxe4 39. g5
Rd1+ 40. Kc2 Rg1 41. Rxf6 Rg2+ 42. Kd1 Rxg5 43. Rf2 Rg1+ 44. Kd2 Rh1 45. Re2+
Kf4 46. b3 Ra1 47. bxc4 e4 48. Rf2+ Ke5 49. Rf8 Rxa2+ 50. Ke3 Rc2 51. Re8+ Kd6
52. h4 Rxc3+ 53. Kd4 Rd3+ 54. Kxe4 Rh3 55. Rh8 Kc5 56. h5 1-0

[Event "22nd European Teams"]
[Site "Batumi GEO"]
[Date "2019.10.28"]
[Round "5.10"]
[Board "4"]
[White "Blomqvist, Erik"]
[Black "Mikhalevski, Victor"]
[Result "1/2-1/2"]
[WhiteTitle "GM"]
[BlackTitle "GM"]
[WhiteElo "2523"]
[BlackElo "2570"]
[WhiteTeam "Sweden"]
[BlackTeam "Israel"]
[WhiteFideId "1709437"]
[BlackFideId "2801914"]
[EventDate "2019.10.24"]

1. e4 e5 2. Nf3 Nc6 3. Bb5 a6 4. Ba4 Nf6 5. O-O Nxe4 6. d4 Be7 7. Re1 b5 8. Rxe4
d5 9. Nxe5 Nxe5 10. Rxe5 bxa4 11. b3 O-O 12. Ba3 Bxa3 13. Nxa3 Qd6 14. Nb1 axb3
15. axb3 c5 16. Nc3 Be6 17. Re3 Rac8 18. h3 Bf5 19. dxc5 Qxc5 20. Nxd5 Bxc2 21.
Qf3 Rcd8 22. Ne7+ Kh8 23. Rc1 Rd2 24. Qf4 a5 25. Re5 Qd6 26. Nf5 Rd1+ 27. Rxd1
Qxd1+ 28. Kh2 Bxf5 29. Rxf5 Qxb3 30. Rxa5 Qb8 1/2-1/2